| 000 | 00569nam a22001817a 4500 | ||
|---|---|---|---|
| 005 | 20251105165550.0 | ||
| 008 | 251105b |||||||| |||| 00| 0 eng d | ||
| 020 | _a9780132437158 | ||
| 050 | _aT58.54.154 MCN | ||
| 100 | _aMcNurlin, Barbara C. | ||
| 245 |
_aInformation Systems Management in Practice _cBarbara C. McNurlin, Ralph H. Sprague & Tung Bui |
||
| 250 | _a8th ed. | ||
| 260 |
_aUpper Saddle River, New Jersey _bPrentice Hall _c2009 |
||
| 300 |
_axxx. 597p. _bill. _c24cm |
||
| 700 | _aSprague, Ralph H. | ||
| 700 | _aBui, Tung | ||
| 942 |
_2lcc _cBK _e8th ed. _n0 |
||
| 999 |
_c8090 _d8090 |
||